[Event "SRI-chB"]
[Site "Malabe"]
[Date "2015.06.19"]
[Round "1"]
[White "Amarasinghe, AACB"]
[Black "Wimalasuriya, M Sachithra"]
[Result "1-0"]
[WhiteElo "1829"]
[BlackElo "1443"]
[PlyCount "53"]
[EventDate "2015.06.19"]
[EventType "swiss"]
[EventRounds "10"]
[EventCountry "SRI"]
[SourceTitle "CBM 167 Extra"]
[Source "ChessBase"]
[SourceDate "2015.09.14"]
[SourceVersion "1"]
[SourceVersionDate "2015.09.14"]
[SourceQuality "1"]

1. e4 d5 2. exd5 Qxd5 3. Nc3 Qd8 4. d4 e6 5. Nf3 Nc6 6. Bd3 Nf6 7. Bg5 Be7 8. Qe2 h6 9. Be3 Bb4 10. a3 Bxc3+ 11. bxc3 Nd5 12. Bd2 a6 13. c4 Nde7 14. Bc3 Rg8 15. 0-0 f5 16. Rfe1 Kf7 17. Rad1 Re8 18. d5 exd5 19. Ne5+ Nxe5 20. Qxe5 Rg8 21. cxd5 Nxd5 22. Bxf5 c6 23. Be6+ Bxe6 24. Qxe6+ Kf8 25. Bb4+ Nxb4 26. Rxd8+ Rxd8 27. Qf5# 1-0

[Event "Ambalangoda Dhamso op 4th"]
[Site "Ambalangoda"]
[Date "2014.05.01"]
[Round "3"]
[White "Wimalasuriya, M Sachithra"]
[Black "Madushanka, Harsha"]
[Result "0-1"]
[WhiteElo "1389"]
[BlackElo "1769"]
[PlyCount "92"]
[EventDate "2014.04.30"]
[EventType "swiss"]
[EventRounds "9"]
[EventCountry "SRI"]
[SourceTitle "CBM 160 Extra"]
[Source "ChessBase"]
[SourceDate "2014.07.01"]
[SourceVersion "1"]
[SourceVersionDate "2014.07.01"]
[SourceQuality "1"]

1. Nf3 Nf6 2. c4 e6 3. Nc3 d5 4. cxd5 Nxd5 5. g3 Nd7 6. Bg2 N7f6 7. 0-0 Be7 8. d3 c6 9. Bg5 h6 10. Nxd5 exd5 11. Be3 Ng4 12. Bd4 Bf6 13. Bxf6 Nxf6 14. Re1 0-0 15. a3 Re8 16. Qb3 Qb6 17. Qxb6 axb6 18. Rac1 Ra4 19. Nd2 Bf5 20. Nf3 b5 21. Nd2 Kf8 22. Nb3 Nd7 23. Bf3 Bh7 24. Bh5 b4 25. Ra1 bxa3 26. Rxa3 Rxa3 27. bxa3 Bxd3 28. e3 Ra8 29. Ra1 Bc4 30. Nd2 b5 31. e4 Nc5 32. Bd1 Nd7 33. Bg4 Nc5 34. Bd1 Ke7 35. f4 Kd6 36. Kf2 b4 37. Nxc4+ dxc4 38. a4 b3 39. Be2 c3 40. Bd1 c2 41. Bxc2 bxc2 42. Rc1 Nd3+ 43. Ke3 Nxc1 44. Kd2 Ne2 45. Kxc2 Rxa4 46. Kd2 Ra2+ 0-1